Statistiche per Quiz sull'Irlanda

Clicka qui per fare il quiz!

Statistiche generali

  • Questo quiz è stato fatto 1.570 volte
  • Il punteggio medio è 10 su 21

Statistiche sulle risposte

DomandaRisposta% Corretto
CapitaleDublino
100%
Lingua ufficiale (oltre all'inglese)Gaelico irlandese
92%
Colore sportivo della nazionaleVerde
86%
Santo che convertì
gli irlandesi al cristianesimo
San Patrizio
75%
Strumento musicale sullo stemmaArpa celtica
67%
Pianta simbolo del PaeseTrifoglio
65%
La più grande compagnia aerea, famosa per i prezzi bassiRyanair
62%
La birra irlandese più vendutaGuinness
58%
Seconda città più grandeCork
56%
Irlanda in irlandeseÉire
54%
Scrisse "Ulisse"James Joyce
49%
Il gruppo rock irlandese con più dischi vendutiU2
49%
Evento che colpì l'Irlanda tra il 1845 e il1852Grande carestia
40%
Sacerdote nell'antica religione celticaDruido
36%
Il college più antico, fondato nel 1592{Trinity} College
34%
... e che ha liberato l'isola da
questi animali
Serpenti
29%
Città irlandese / Tipo di poesiaLimerick
20%
Fiume più lungoShannon
16%
Il whisky irlandese più vendutoJameson
14%
Soprannome dell'IrlandaIsola {Smeralda}
13%
Pietra che i turisti bacianoPietra di {Blarney}
10%

Distribuzione punteggi

Percentile per numero di risposta

Percentuale di utenti per punteggio

I tuoi punteggi nel tempo

Non hai fatto questo quiz